| 000 | 00397nam a22001217a 4500 | ||
|---|---|---|---|
| 082 | _a200 THE | ||
| 100 |
_aMUHAMMAD LATIF _915464 |
||
| 245 | _aTH-SOF-1052-APPLYING CONTENT SPECIFIC INFORMATION TO ENHANCE SENTIWORDNET BASED SENTIMENT CLASSIFICA | ||
| 260 |
_aISLAMABAD _bNUST COLLEGE OF EME _c2014 |
||
| 650 | _a MS-CSE-11 MSTHESIS | ||
| 700 |
_aSUPERVISON DR. USMAN QAMAR _969913 |
||
| 942 | _cCF | ||
| 999 |
_c577538 _d577538 |
||